00885cam a2200205 a 450000500170000000800410001702000180005804000560007604100080013210000190014024501000015926000950025930000460035449000300040050400530043065100550048365100330053865100570057165100510062820140903175028.0001005s2001 xxuab frn 001 0 eng d a9780807849385 aCO-BoUCMcJavier GarzóndAldemar Mondragónbspa0 aeng1 aRenda, Mary A.10aTaking Haitibmilitary occupation and the culture of U.S. imperialism, 1915-1940cMary A. Renda aChapel Hill (Carolina del Norte, Estados Unidos)bUniversity of North Carolina Pressc2001 axvi, 414 páginasbilustraciones y mapas0 aGerder & American Culture aIncluye referencias bibliográficas e índices 4aEstados UnidosxFuerzas armadaszHaitíxHistoria 4aHaitíxHistoriay1934-1986 4aHaitíxHistoriayOcupación americana, 1915-1934. 4aHaitíxRelaciones exterioreszEstados Unidos